English for students of economics

Salvato in:
Dettagli Bibliografici
Autore principale: Blašková, Kornélia
Ente Autore: Ekonomická univerzita v Bratislave. Podnikovohospodárska fakulta so sídlom v Košiciach
Altri autori: Prividiová, Eva, 1952-
Natura: Libro
Lingua:inglese
slovacco
Pubblicazione: Bratislava Vydavateľstvo EKONÓM 2001
Soggetti:
Tags: Aggiungi Tag
Nessun Tag, puoi essere il primo ad aggiungerne!!

MARC

LEADER 00000nam a2200000 4500
001 c123927
005 20221124101303.0
020 |a 80-225-1363-6 
041 0 |a eng 
041 0 |a slo 
044 |a SK 
245 1 0 |a English for students of economics  |c Kornélia Blašková, Eva Prividiová 
264 1 |a Bratislava  |b Vydavateľstvo EKONÓM  |c 2001 
300 |a 240 s. 
610 2 0 |a jazykoveda 
610 2 0 |a terminológia 
610 2 0 |a ekonómia 
610 2 0 |a angličtina 
100 1 |a Blašková, Kornélia 
700 1 |a Prividiová, Eva, 1952- 
710 2 |a Ekonomická univerzita v Bratislave. Podnikovohospodárska fakulta so sídlom v Košiciach